000 00667cab a2200217 4500
001 ABS46958
008 090401t1992 xxu||||| |||| 00| 0 eng d
035 _a(Sirsi) u60215
041 _aeng
100 _aStafford, F.
245 _aPlanning policy guidance 1992 update
260 _c1992
350 _a0
490 _aArchitects` Journal
_v196(8) 19/26 August 1992, 46-49(4)
520 _aLists PPGs with brief details of their subject matter and when they were updated. Also mentions draft guidance notes.
650 _aCHECKLIST
650 _aPLANNING POLICY GUIDANCE NOTES
690 _aPLANNING LAW AND PRACTICE
942 _n0
948 _c04/03/1997
999 _c37098
_d37098